000 00368nam a22001577a 4500
003 OSt
008 230520b |||||||| |||| 00| 0 eng d
020 _a81-7236-326-5
100 _aCSIR
245 _aWEALTH OF INDIA:RAW MATERILS:G-Ph
250 _a2007
260 _aNew Delhi
_bNISCAIR
300 _axvii,282,vii,41
650 _aPHARMACOGNOSY
942 _2ddc
_cREF
999 _c12069
_d12069